They speak with other Tongues (Record no. 22041)

MARC details
000 -LEADER
fixed length control field 00650nam a2200157Ia 4500
008 - FIXED-LENGTH DATA ELEMENTS--GENERAL INFORMATION
fixed length control field 081213s9999 xx 000 0 und d
050 ## - LIBRARY OF CONGRESS CALL NUMBER
Classification number BR1644
Item number .S54 1967
100 ## - MAIN ENTRY--PERSONAL NAME
Personal name Sherill, John L.
245 ## - TITLE STATEMENT
Title They speak with other Tongues
Statement of responsibility, etc John L. Sherrill
260 ## - PUBLICATION, DISTRIBUTION, ETC. (IMPRINT)
Date of publication, distribution, etc 1967
Place of publication, distribution, etc New york
Name of publisher, distributor, etc Pyramid Publication
300 ## - PHYSICAL DESCRIPTION
Extent 143 p.;
Dimensions 18cm
650 ## - SUBJECT ADDED ENTRY--TOPICAL TERM
Topical term or geographic name as entry element Speaking -Tongues
942 ## - ADDED ENTRY ELEMENTS (KOHA)
Item type Book
Source of classification or shelving scheme Library of Congress Classification
Holdings
Withdrawn status Lost status Source of classification or shelving scheme Damaged status Not for loan Collection code Home library Current library Shelving location Date acquired Total Checkouts Full call number Barcode Copy number Price effective from Koha item type Date last borrowed
    Library of Congress Classification     Non-fiction Bishop Okullu Memorial Library (Limuru Campus) Bishop Okullu Memorial Library (Limuru Campus) General Circulation 15/12/2008   BR1644.S54 1967 007277 1 15/12/2008 Book  
    Library of Congress Classification     Non-fiction Bishop Okullu Memorial Library (Limuru Campus) Bishop Okullu Memorial Library (Limuru Campus) General Circulation 03/06/2009 1 BR1644 .S54 1967 007816 2 03/06/2009 Book 30/09/2017